000 01920cam a22004814i 4500
003 PE-LiUPU
005 20250731173132.0
008 150623s1996 nyu rb 000 0 eng d
020 _a006063796X
035 _a(Sirsi) i9780060637965
040 _aPE-LiUPU
_bspa
_cPE-LiUPU
_erda
049 _aPRUA
082 0 4 _a241.090 15
_bH28
_221
100 1 _aHays, Richard B.,
_eautor.
245 1 4 _aThe moral vision of the New Testament :
_bcommunity, cross, new creation /
_cRichard B. Hays.
264 1 _aNew York, NY :
_bHarperSanFrancisco,
_c1996.
300 _a508 páginas ;
_c24 centímetros
336 _atext
_2rdacontent
337 _aunmediated
_2rdamedia
338 _avolume
_2rdacarrier
504 _aIncluye bibliografía.
505 0 _aThe task of New Testament ethics -- The descriptive task: visions of the moral life in the New Testament -- The synthetic task: Finding coherence in the moral vision of the New Testament -- The hermeneutical task: The use of the NewTestament in christian ethics -- The pragmatic task: living under the word-test cases -- Conclusion.
526 _aSEG42
526 _aSEG41
526 _aSEG40
526 _aSEG39
526 _aP94
526 _aP87
526 _aP86
526 _aP85
526 _aP77
526 _aP76
526 _aP35
630 _aBiblia.
_pN.T.
_xCrítica, interpretación, etc.
650 0 4 _aEtica cristiana.
_91047
650 0 4 _aEtica en la Biblia.
942 _2ddc
_cBOOK
949 _a241.090 15 H28
_wDEWEY
_c1
_i51909
_lCCODEBUL1
_mBUL
_p15.00
_r0
_sY
_tBOOK
_u2015-6-24
_xTEOLOGIA
_PP35
_0COMPRA
_o.STAFF. Colección General
994 _aC0
_bPEPRU
596 _a1
999 _a241.090 15 H28
_wDEWEY
_c33664
_i51909
_d33664
_e2017-8-8
_f2021-11-10
_g7
_lCCODEBUL1
_mBUL
_n2
_p15.00
_r0
_sY
_tBOOK
_u2015-6-24
_xTEOLOGIA
_PP35
_0COMPRA
_o.STAFF. Colección Teología
980 _81
_gALBERTO SANCHEZ Responsable de Automatización